000 00343 a2200157 4500
001 149407
040 _cEscola São Tomás de Aquino
100 _aMACHADO, Ana Maria
240 1 0 _aAbrindo caminho
_lpor
245 1 0 _aAbrindo caminho
300 _a39
362 0 _a2010
440 1 _aÁtica
697 _a*LITERATURA INFANTO
942 _cBK
999 _c149407
_d149407